Interesting exposures of administration / (Record no. 102480)
[ view plain ]
| 000 -LEADER | |
|---|---|
| fixed length control field | 00909nam a22002297a 4500 |
| 005 - DATE AND TIME OF LATEST TRANSACTION | |
| control field | 20180310113834.0 |
| 010 ## - LCCN (DPL NO) | |
| LC control number | 1617EN ENG-116366 |
| 020 ## - INTERNATIONAL STANDARD BOOK NUMBER | |
| International Standard Book Number | 9788184303582 |
| Terms of availability | 250.00 |
| 035 ## - SYSTEM CONTROL NUMBER | |
| System control number | EN-99898 |
| 035 ## - SYSTEM CONTROL NUMBER | |
| System control number | B-647944-949 |
| 035 ## - SYSTEM CONTROL NUMBER | |
| System control number | B-667798 |
| 037 ## - SOURCE OF ACQUISITION | |
| Source of stock number/acquisition | Ocean |
| Stock number | dpl |
| 082 ## - DEWEY DECIMAL CLASSIFICATION NUMBER | |
| Classification number | 351.092 |
| 100 ## - MAIN ENTRY--PERSONAL NAME | |
| Personal name | Dewedy,Mahesh Chandra |
| 245 ## - TITLE STATEMENT | |
| Title | Interesting exposures of administration / |
| Statement of responsibility, etc | by Mahesh Chandra Dewedy |
| 260 ## - PUBLICATION, DISTRIBUTION, ETC. (IMPRINT) | |
| Place of publication, distribution, etc | New Delhi |
| Name of publisher, distributor, etc | Ocean Books |
| Date of publication, distribution, etc | 2016 |
| 270 ## - ADDRESS | |
| Address | 4/19, Asaf Ali Road, |
| City | New Delhi |
| Postal code | 110002 |
| 300 ## - PHYSICAL DESCRIPTION | |
| Extent | 166p. |
| Dimensions | 22cm(Hb) |
| 942 ## - ADDED ENTRY ELEMENTS (KOHA) | |
| Source of classification or shelving scheme | Dewey Decimal Classification |
| Item type | English Books |
| Classification part | 351.092 |
| Call number suffix | DEW |
| Withdrawn status | Lost status | Not for loan | Collection code | Home library | Current library | Date acquired | Source of acquisition | Cost, normal purchase price | Full call number | Barcode | Copy number | Cost, replacement price | Koha item type |
|---|---|---|---|---|---|---|---|---|---|---|---|---|---|
| Non-fiction | Ashok Vihar | Ashok Vihar | 10/03/2018 | Ocean Books/19699/04.03.2017/463/15.02.2017/18.03.2017 | 250.00 | 351.092 DEW | B-667798 | 1 | 250.00 | English Books | |||
| Not For Loan | Non-fiction | D.B.Act.Division | Bawana | 28/10/2016 | DBAD/PUB | 250.00 | 351.092 DEW | EN-99898 | 1 | 250.00 | English Books | ||
| Non-fiction | Central Library | Central Library | 28/03/2017 | BPPD/EN/2016-17/297/24.11.2016/19687/29.11.2016/2.1.2017 | 250.00 | 351.092 DEW | B-647944 | 1 | 250.00 | English Books | |||
| Non-fiction | Janak Puri | Janak Puri | 28/03/2017 | BPPD/EN/2016-17/297/24.11.2016/19687/29.11.2016/2.1.2017 | 250.00 | 351.092 DEW | B-647947 | 1 | 250.00 | English Books | |||
| Non-fiction | Kasturba Gandhi Marg | Kasturba Gandhi Marg | 28/03/2017 | BPPD/EN/2016-17/297/24.11.2016/19687/29.11.2016/2.1.2017 | 250.00 | 351.092 DEW | B-647946 | 1 | 250.00 | English Books | |||
| Non-fiction | Patel Nagar | Patel Nagar | 28/03/2017 | BPPD/EN/2016-17/297/24.11.2016/19687/29.11.2016/2.1.2017 | 250.00 | 351.092 DEW | B-647945 | 1 | 250.00 | English Books | |||
| Non-fiction | Shahdara Branch | Shahdara Branch | 28/03/2017 | BPPD/EN/2016-17/297/24.11.2016/19687/29.11.2016/2.1.2017 | 250.00 | 351.092 DEW | B-647948 | 1 | 250.00 | English Books | |||
| Non-fiction | Yojana Vihar | Yojana Vihar | 28/03/2017 | BPPD/EN/2016-17/297/24.11.2016/19687/29.11.2016/2.1.2017 | 250.00 | 351.092 DEW | B-647949 | 1 | 250.00 | English Books |
